Rèn luyện kỹ năng đọc hiểu qua các mẩu chuyện đạo đức

Giúp bạn rèn luyện kĩ năng đọc hiểu tiếng Anh trình độ cơ bản qua các mẩu chuyện đạo đức kèm theo các bài tập giúp bạn hoàn thiện kĩ năng đọc hiểu của mình

Na minha lista:
Detalhes bibliográficos
Autor principal: Vũ, Thị Hằng
Formato: Livro
Idioma:Undetermined
Publicado em: Hà Nội 2009
Assuntos:
Tags: Adicionar Tag
Sem tags, seja o primeiro a adicionar uma tag!
Thư viện lưu trữ: Trung tâm Học liệu Trường Đại học Cần Thơ
LEADER 00968nam a2200205Ia 4500
001 CTU_196755
008 210402s9999 xx 000 0 und d
020 |c 11500 
082 |a 428.0076 
082 |b H116/T.1 
100 |a Vũ, Thị Hằng 
245 0 |a Rèn luyện kỹ năng đọc hiểu qua các mẩu chuyện đạo đức 
245 0 |c Vũ Thị Hằng, Vũ Quốc Anh Trường Sơn 
260 |a Hà Nội 
260 |c 2009 
520 |a Giúp bạn rèn luyện kĩ năng đọc hiểu tiếng Anh trình độ cơ bản qua các mẩu chuyện đạo đức kèm theo các bài tập giúp bạn hoàn thiện kĩ năng đọc hiểu của mình 
650 |a English language,Tiếng Anh 
650 |x Textbooks for foreign speakers,Sách dành cho người nói tiếng nước ngoài 
904 |i Nguyên 
980 |a Trung tâm Học liệu Trường Đại học Cần Thơ